00413nam a2200169Ia 4500003000400000005001700004008004100021020002200062040000700084041000800091082001300099100001800112245005300130260003300183300001400216365001300230OSt20230531091435.0210423s2012 xx 000 0 und d a978-93-80752-82-2 cAL aeng a364 PRAC aPRASAD (A L). aCrime human rights and justice in new millennium aNew DelhibKunal Booksc2012 av,272bHB b850cINR